A Spirit of place the village house/hiren Patel architect (Record no. 9353)

000 -LEADER
fixed length control field 00377nam a2200145 4500
003 - CONTROL NUMBER IDENTIFIER
control field OSt
005 - DATE AND TIME OF LATEST TRANSACTION
control field 20210407102003.0
008 - FIXED-LENGTH DATA ELEMENTS--GENERAL INFORMATION
fixed length control field 210407b ||||| |||| 00| 0 eng d
020 ## - INTERNATIONAL STANDARD BOOK NUMBER
International Standard Book Number 9789814428071
082 ## - DEWEY DECIMAL CLASSIFICATION NUMBER
Classification number 810
Item number PAT
100 ## - MAIN ENTRY--PERSONAL NAME
Personal name Patrick Bingham-hall
245 ## - TITLE STATEMENT
Title A Spirit of place the village house/hiren Patel architect
260 ## - PUBLICATION, DISTRIBUTION, ETC. (IMPRINT)
Name of publisher, distributor, etc Pesaro publishing
Date of publication, distribution, etc 2018
942 ## - ADDED ENTRY ELEMENTS (KOHA)
Source of classification or shelving scheme
Holdings
Withdrawn status Lost status Source of classification or shelving scheme Damaged status Koha normalized classification for sorting Not for loan Permanent location Current location Date acquired Full call number Barcode Date last seen Price effective from Koha item type
        810_000000000000000_PAT   BMS College of Architecture, Design and Planning BMS College of Architecture, Design and Planning 2021-04-07 810 PAT AR-UG2183 2021-04-07 2021-04-07 UG Books
Copyright © 2025, The Librarian, Library and Information Centre, BMSCA D&P, Bengaluru. All Rights Reserved
web counter

Powered by Koha